000 00292nam a22001337a 4500
008 171215b xxu||||| |||| 00| 0 eng d
020 _a9780941355254
041 _aeng
080 _a37
100 _a46
101 _aEDU
245 _aABOUT TEACHING MATHEMATICS
_cBURNS,M
942 _2udc
_cBK
999 _c39044
_d39044